000 00454nam a2200181Ia 4500
003 GCL
008 140319s9999 xx 000 0 eng d
040 _aGCL /
_cGCL
082 0 4 _a843
_bS C
100 1 _aSOLLERS, PHILIPPE
245 1 0 _aLE COEUR ABSOLU /
_cSOLLERS, PHILIPPE
260 _a[S.N] :
_bGALLIMARD ،
_c1991
300 _a445 P
490 _aCOLLECTION FOLIO
_v0
650 0 4 _aLITERATURE
650 0 4 _aFRENCH LITERATURE
942 _2ddc
_cBK
999 _c22169
_d22169